00835nam a2200229 a 45000010005000000030008000050050017000130080041000300350018000710350014000890400034001030410008001370820026001451000033001712450127002042600045003313000025003764900090004015040051004916500026005426500037005684715BD-RjUL20211208233937.0131223t1962 enk b 001 0 eng d a(BD-RjUL)4750 a(BD-RjUL) aXNTUbengcXNTUdNUNdBD-RjUL aeng04220a364.253bGLF 19621 aGlueck, Sheldon,d1896-1980.10aFamily environment and delinquency /cby Sheldon and Eleanor Glueck ; with the statistical assistance of Rose W. Knezneck. aLondon :bRoutledge & Kegan Paul,c1962. axi, 328 p. ;c22 cm. aInternational library of sociology and social reconstruction (Routledge & Kegan Paul) aIncludes bibliographical references and index. 0aJuvenile delinquency. 0aFamiliesxPsychological aspects.